Name All the Wie Is de Mol? Candidates (2005-2023) - Statistics

General Stats
  • This quiz has been taken 176 times
    56 since last reset
  • The average score is 51 of 191
Answer Stats
Year End position Answer % Correct
2019 2 Nikkie de Jager
64%
2018 Mol Jan Versteegh
60%
2011 Winner Art Rooijakkers
56%
2022 Mol Everon Jackson Hooi
56%
2019 Mol Merel Westrik
56%
2010 6 Arjen Lubach
52%
2008 Mol Dennis Weening
52%
2006 Mol Milouska Meulens
52%
2018 Runner-up Olcay Gulsen
52%
2009 Mol Jon van Eerd
48%
2023 Mol Jurre Geluk
48%
2013 Mol Kees Tol
48%
2010 Mol Kim Pieters
48%
2016 Mol Klaas van Kruistum
48%
2011 Mol Patrick Stoof
48%
2018 1 Ron Boszhard
48%
2022 6 Sahil Amar Aïssa
48%
2005 Mol Yvon Jaspers
48%
2012 Mol Anne-Marie Jung
44%
2015 7 Chris Zegers
44%
2022 Winner Fresia Cousiño Arias
44%
2007 Mol Inge Ipenburg
44%
2005 Winner Marc-Marie Huijbregts
44%
2021 Mol Renée Fokker
44%
2015 Winner Rik van de Westelaken
44%
2020 Mol Rob Dekay
44%
2018 Winner Ruben Hein
44%
2021 7 Splinter Chabot
44%
2014 Mol Susan Visser
44%
2016 Winner Tim Hofman
44%
2011 6 Anna Drijver
40%
2016 3 Ellie Lust
40%
2022 Runner-up Kim-Lian van der Meij
40%
2015 Mol Margriet van der Linden
40%
2020 Runner-up Miljuschka Witzenhausen
40%
2014 7 Tygo Gernandt
40%
2020 Winner Buddy Vedder
36%
2008 Winner Edo Brunner
36%
2014 Runner-up Freek Bartels
36%
2010 Winner Frits Sissing
36%
2011 1 Hanna Bervoets
36%
2011 2 Horace Cohen
36%
2018 5 Loes Haverkort
36%
2015 Runner-up Marlijn Weerdenburg
36%
2008 7 Patrick Martens
36%
2013 Winner Paulien Cornelisse
36%
2021 Winner Rocky Hehakaija
36%
2010 Runner-up Sanne Vogel
36%
2011 Runner-up Soundos el Ahmadi
36%
2017 Mol Thomas Cammaert
36%
2020 2 Tina de Bruin
36%
2012 2 Dio
32%
2012 5 Frits Huffnagel
32%
2012 Winner Hadewych Minis
32%
2013 3 Janine Abbring
32%
2018 2 Jean-Marc van Tol
32%
2014 4 Jennifer Hoffman
32%
2017 5 Jeroen Kijk in de Vegte
32%
2012 Runner-up Liesbeth Staats
32%
2010 1 Loretta Schrijver
32%
2020 7 Nathan Rutjes
32%
2023 Runner-up Ranomi Kromowidjojo
32%
2019 4 Robèrt van Beckhoven
32%
2016 6 Rop Verheijen
32%
2019 Winner Sarah Chronis
32%
2018 6 Stine Jensen
32%
2014 5 Aaf Brandt Corstius
28%
2015 3 Ajouad el Miloudi
28%
2010 4 Barbara Barend
28%
2018 3 Bella Hay
28%
2013 Runner-up Carolien Borgers
28%
2013 6 Daniël Boissevain
28%
2009 7 Dennis Storm
28%
2018 4 Emilio Guzman
28%
2008 3 Georgina Verbaan
28%
2010 5 Hind
28%
2017 6 Imanuelle Grives
28%
2014 6 Jan-Willem Roodbeen
28%
2021 5 Joshua Nolet
28%
2021 4 Lakshmi Swami Persaud
28%
2012 3 Maarten van der Weijden
28%
2012 4 Marit van Bohemen
28%
2015 6 Martine Sandifort
28%
2019 Runner-up Niels Littooij
28%
2011 5 Pepijn Gunneweg
28%
2019 6 Rick Paul van Mulligen
28%
2017 Winner Sanne Wallis de Vries
28%
2014 Winner Sofie van den Enk
28%
2016 7 Taeke Taekema
28%
2013 5 Tania Kross
28%
2015 4 Viktor Brand
28%
2009 Winner Vivienne van den Assem
28%
2012 6 William Spaaij
28%
2017 2 Yvonne Coldeweijer
28%
2013 7 Zarayda Groenhart
28%
2016 1 Airen Mylène
24%
2023 6 Anke de Jong
24%
2016 Runner-up Annemieke Schollaardt
24%
2015 5 Carolina Dijkhuizen
24%
2021 Runner-up Charlotte Nijs
24%
2020 5 Claes Iversen
24%
2023 Winner Daniël Verlaan
24%
2014 3 Daphne Bunskoek
24%
2017 7 Diederik Jekel
24%
2019 1 Evi Hanssen
24%
2006 Winner Frédérique Huydts
24%
2019 5 Jamie Trenité
24%
2011 4 Jan Kooijman
24%
2017 Runner-up Jochem van Gelder
24%
2013 2 Joep van Deudekom
24%
2011 7 Karin de Groot
24%
2020 6 Leonie ter Braak
24%
2012 1 Marion Pauw
24%
2016 4 Marjolein Keuning
24%
2014 1 Maurice Lede
24%
2011 3 Miryanna van Reeden
24%
2007 6 Nadja Hüpscher
24%
2014 2 Owen Schumacher
24%
2007 Winner Paul Rabbering
24%
2006 7 Peggy Vrijens
24%
2008 Runner-up Regina Romeijn
24%
2017 4 Sigrid ten Napel
24%
2018 7 Simone Weimans
24%
2023 7 Soy Kroon
24%
2010 2 Tim Akkerman
24%
2012 7 Tim Kamps
24%
2016 5 Cécile Narinx
20%
2015 2 Evelien Bosch
20%
2019 3 Evelien de Bruijn
20%
2013 1 Ewout Genemans
20%
2022 7 Laetitia Gerards
20%
2010 3 Manuel Venderbos
20%
2023 5 Nabil Aoulad Ayad
20%
2015 1 Pieter Derks
20%
2021 1 Remco Veldhuis
20%
2016 2 Remy van Kesteren
20%
2007 Runner-up Renate Verbaan
20%
2017 3 Roos Schlikker
20%
2007 1 Sander Lantinga
20%
2019 7 Sinan Can
20%
2022 8 Thomas van Luyn
20%
2013 4 Tim Haars
20%
2009 1 Vera Mann
20%
2020 1 Anita Witzier
16%
2008 4 Coen Swijnenberg
16%
2021 2 Erik de Zwart
16%
2021 3 Florentijn Hofman
16%
2022 5 Hila Noorzai
16%
2008 1 Nicolette Kluijver
16%
2006 5 Richard Groenendijk
16%
2006 Runner-up Roderick Veelo
16%
2023 1 Sarah Janneh
16%
2009 5 Sebastiaan Labrie
16%
2017 1 Vincent Vianen
16%
2023 4 Annick Boer
12%
2022 4 Arno Kantelberg
12%
2007 5 Dick Jol
12%
2008 6 Dunya Khayame
12%
2010 7 Erik van der Hoff
12%
2007 Runner-up Eva van der Gucht
12%
2009 4 Froukje Jansen
12%
2022 2 Glen Faria
12%
2020 3 Jaike Belfor
12%
2020 4 Johan Goossens
12%
2009 3 Paula Udondek
12%
2022 1 Suzanne Klemann
12%
2005 3 Victoria Koblenko
12%
2022 3 Welmoed Sijtsma
12%
2007 4 Alex Klaasen
8%
2008 2 Annette van Trigt
8%
2009 Runner-up Anniek Pheifer
8%
2006 2 Chris Tates
8%
2023 2 Froukje de Both
8%
2006 1 Geert Hoes
8%
2005 5 Gijs Staverman
8%
2008 5 Joris Linssen
8%
2007 2 Liesbeth Kamerling
8%
2006 4 Liz Snoijink
8%
2005 Runner-up Lottie Hellingman
8%
2021 6 Marije Knevel
8%
2005 1 Roeland Fernhout
8%
2005 6 Sander de Heer
8%
2023 3 Sander de Kramer
8%
2006 6 Toine van Peperstraten
8%
2009 2 Hans Schiffers
4%
2005 7 Isabelle Brinkman
4%
2005 4 Jim de Groot
4%
2006 3 Mary-Lou van Stenis
4%
2009 6 Rick Engelkes
4%
2005 2 Yvonne van den Hurk
4%
2007 3 Menno Bentveld
0%
No matching quizzes found
Score Distribution
Percent of People with Each Score
Percentile by Number Answered
Your Score History
You have not taken this quiz since the last reset